1466 1263 1619 1679 1003 1421 1682 1724 1803 1335 1127 1193 1737 1120 1101 1047 1908 1087 1657 1910 1503 1913 1551 1368 1740 1364 1328 1503 1669 1617 1025 1337 1975 1459 1190 1291 1700 1879 1840 1605 1950 1447 1527 1343 1574 1966 1625 1532 1727 1230 1360 1612 1725 1310 1737 1144 1886 1965 1541 1608 1268 1714 1876 1492 1237 1520 1243 1657 1623 1533 1884 1046 1268 1181 1319 1925 1361 1480 1885 1840 1695 1720 1492 1907 1343 1474 1116 1996 1531 1194 1965 1438 1758 1563 1890 1766 1763 1522 1861 BCNSPRNW ULIB Ver.6.0+V

เปลี่ยนเป็นภาษาไทย

Change to English
 แสดงรายละเอียดบรรณานุกรม
  กลับหน้าหลัก

Brief Record : Get Marc (ISO 2709) : E-mail record : QR code < ปิดหน้าต่าง
LEADER : 00000nam 2200000 a 4500
001    13399114119
003     ULIB
008    110125s2553 th a 000 0 tha d
020    ^a9789744019424
060 04 ^aWY156^bพ587ก
100 0  ^aพัสมณฑ์ คุ้มทวีพร
245 10 ^aการพยาบาลผู้ป่วยมะเร็ง :^bการป้องกันและการดูแลผู้ป่วย /^cพัสมณฑ์ คุ้มทวีพร
250    ^aพิมพ์ครั้งที่ 1
260    ^aกรุงเทพฯ :^bฮายาบุสะ กราฟฟิก,^c2553
300    ^a204 หน้า :^bภาพประกอบ ;^c26 ซม.
650  4 ^aการส่งเสริมสุขภาพ
650  4 ^aมะเร็ง^xการป้องกันและควบคุม
650  4 ^aมะเร็ง^xการพยาบาล
945    ^p250^l0^i18747
945    ^p250^l0^i18748
945    ^p250^l0^i18749
995    ^aเกษร
999 ^a ใช้งานได้ทุกระบบ
รายการนี้ยังไม่มีแท็ก
คุณยังไม่ได้ล็อกอิน คุณสามารถมีกิจกรรมร่วมกับเว็บไซต์ได้ แต่ต้องล็อกอินก่อน ::
  ล็อกอิน

รายการสื่อสารสนเทศ

ลำดับที่ ประเภท เลขเรียก/บาร์โค้ด สถานที่ สถานะ
1. วิทยาศาสตร์การแพทย์ และสุขภาพ
หนังสือสำรอง
สถานะ=หนังสือสำรอง
WY156 พ587ก ฉ.1 
  Barcode: 18747
ห้องสมุดวิทยาเขตนครสวรรค์
►ส่วนจัดเก็บหนังสือเก่า นว.
บนชั้น
  ขอยืม
2. วิทยาศาสตร์การแพทย์ และสุขภาพ
วิทยาศาสตร์การแพทย์ และสุขภาพ
WY156 พ587ก ฉ.2 
  Barcode: 18748
ห้องสมุดวิทยาเขตนครสวรรค์
►ส่วนจัดเก็บหนังสือเก่า นว.
บนชั้น
  ขอยืม
3. วิทยาศาสตร์การแพทย์ และสุขภาพ
วิทยาศาสตร์การแพทย์ และสุขภาพ
WY156 พ587ก ฉ.3 
  Barcode: 18749
ห้องสมุดวิทยาเขตนครสวรรค์
►ส่วนจัดเก็บหนังสือเก่า นว.
บนชั้น
  ขอยืม

รายการใกล้เคียง
    ผู้แต่ง [พัสมณฑ์ คุ้มทวีพร]

    หัวเรื่อง [การส่งเสริมสุขภาพ]
    หัวเรื่อง [มะเร็ง การป้องกันและควบคุม]

BibComment


ยังไม่เคยถูกคอมเมนท์

คอมเมนท์ทรัพยากรรายการนี้
  คอมเมนท์: การพยาบาลผู้ป่วย..


 Copyright 2026. Bcnsprnw @Library